000 01163nam a22002657a 4500
003 BD-DhSAU
005 20170524110656.0
008 160718b201 bg ||||| |||| 001 0 eng d
040 _aBD-DhSAU
082 _222
_a581.15
_bA678
100 _aArefin, S.M. Anamul
_eRegi. no. 09-03644
245 _aCell compatibility analysis of pomatobased on seedling age and fertilizer treatment /
_cArefin, S.M. Anamul
_bMs Thesis
260 _aSher-e-Bangla Agricultural University :
_bDepartment of Genetics and Plant Breeding,
_c2015.
300 _axiii, 96 p. :
_bill. ;
_c30 cm.
500 _aMS thesis of Department of Genetics and Plant Breeding, Faculty of Agriculture, Sher-e-Bangla Agricultural University, Dhaka, Bangladesh
504 _aIncludes bibliographical references.
590 _aKamim
650 _aGenetics and Plant Breeding
650 _aCell compatibility analysis of pomatobased
650 _aseedling age and fertilizer treatment
700 _aZeba, Naheed
_eSuperviser
700 _aSolaiman, Abul Hasnat .M
_eCo-superviser
856 _uhttp://archive.saulibrary.edu.bd:8080/handle/123456789/1339
_yOnline Access
942 _2ddc
_cTHESIS
999 _c13888
_d13887